Aplikácia procesného prístupu v stavebnej firme
Zavádzanie systému manažérstva kvality. Identifikácia procesov zahrňovaných do systému manažérstva kvality stavebnej firmy. Stanovenie postupnosti a interakcií týchto procesov. Spôsob definovania vrcholových procesov. Identifikácia podporných a hlavných procesov. Mapa interakcií procesov. Priradenie...
Uložené v:
| Hlavný autor: | |
|---|---|
| Médium: | Kapitola |
| Jazyk: | Slovak |
| Predmet: | |
| Tagy: |
Žiadne tagy, Buďte prvý, kto otaguje tento záznam!
|
MARC
| LEADER | 00000naa a2200000 4500 | ||
|---|---|---|---|
| 001 | r046477 | ||
| 005 | 20231002070245.2 | ||
| 041 | 0 | |a slo | |
| 044 | |a SK | ||
| 245 | 1 | 0 | |a Aplikácia procesného prístupu v stavebnej firme |c Juraj Balek |
| 520 | |a Zavádzanie systému manažérstva kvality. Identifikácia procesov zahrňovaných do systému manažérstva kvality stavebnej firmy. Stanovenie postupnosti a interakcií týchto procesov. Spôsob definovania vrcholových procesov. Identifikácia podporných a hlavných procesov. Mapa interakcií procesov. Priradenie normatívnych požiadaviek k procesom. Nadväzujúce úlohy identifikácie procesov a ich interakcií. | ||
| 610 | 2 | 0 | |a systém riadenia kvality |
| 610 | 2 | 0 | |a podnik stavebný |
| 610 | 2 | 0 | |a riadenie kvality |
| 610 | 2 | 0 | |a riadenie vrcholové |
| 100 | 1 | |a Balek, Juraj | |